| Tag |
First Indicator |
Second Indicator |
Subfields |
| LEADER |
00000cam a2200000Mi 4500 |
| 001 |
in00003573921 |
| 006 |
m o d |
| 007 |
cr mnu---uuaaa |
| 008 |
121227s1994 enka o 000 0 eng |
| 005 |
20260422210938.6 |
| 020 |
|
|
|a 9781447110293 (electronic bk.)
|
| 020 |
|
|
|a 1447110293 (electronic bk.)
|
| 020 |
|
|
|z 9783540762164
|
| 020 |
|
|
|z 3540762167
|
| 035 |
|
|
|a (OCoLC)853269535
|
| 040 |
|
|
|a AU@
|b eng
|c AU@
|d OCLCO
|d OCLCQ
|d GW5XE
|d OCLCF
|d UtOrBLW
|
| 049 |
|
|
|a TXAM
|
| 050 |
|
4 |
|a RC870-923.2
|
| 050 |
|
4 |
|a RC875-899.5
|
| 072 |
|
7 |
|a MJS
|2 bicssc
|
| 072 |
|
7 |
|a MED088000
|2 bisacsh
|
| 082 |
0 |
4 |
|a 616.6
|2 23
|
| 100 |
1 |
|
|a Hargreave, T. B.
|
| 245 |
1 |
0 |
|a Male Infertility /
|c edited by T.B. Hargreave.
|
| 250 |
|
|
|a 2.
|
| 264 |
|
1 |
|a London :
|b Springer London,
|c 1994.
|
| 300 |
|
|
|a 1 online resource (xi, 466 pages 110 illustrations)
|
| 336 |
|
|
|a text
|b txt
|2 rdacontent
|
| 337 |
|
|
|a computer
|b c
|2 rdamedia
|
| 338 |
|
|
|a online resource
|b cr
|2 rdacarrier
|
| 505 |
0 |
|
|a Human Infertility -- History and Examination -- Semen Analysis and Other Standard Laboratory Tests -- Diagnosis of Defective Human Sperm Function and Implications for Treatment -- Histopathology of Human Testicular and Epididymal Tissue -- Chromosomes -- Investigation of the Female Partner -- Psychology of Infertility and Management -- Endocrinology. Testicular Development and Descent -- Erectile Impotence and Infertility in Men Undergoing Renal Replacement Therapy -- Varicocele -- Immunity to Sperm and Fertility -- Infection -- Neurphysiology of Ejaculation and Treatment in Men with Spinal Cord Injuries -- Erectile and Ejaculatory Problems -- Azoospermia and Surgery for Testicular Obstruction -- Vasectomy -- Non-specific Treatment -- The Role of Assisted Conception -- Donor Insemination.
|
| 520 |
|
|
|a Male infertility is a clinician-orientied book aimed at the clinician dealing with the infertile couple because rational, effective management is only possible if the couple are considered together. The aim of the work is to provide advice to the clinician and to give reference to the underlying science. This will not only enable clinicians to understand the underlying science but will also give scientists an insight to clinical work. This blend of science and clinical work is reflected in the contributors who are experts drawn from both fields.
|
| 500 |
|
|
|a Electronic resource.
|
| 650 |
|
0 |
|a Medicine.
|
| 650 |
|
0 |
|a Endocrinology.
|
| 650 |
|
0 |
|a Urology.
|
| 650 |
|
7 |
|a Endocrinology.
|2 fast
|0 (OCoLC)fst00909749
|
| 650 |
|
7 |
|a Medicine.
|2 fast
|0 (OCoLC)fst01014893
|
| 650 |
|
7 |
|a Urology.
|2 fast
|0 (OCoLC)fst01163033
|
| 655 |
|
7 |
|a Electronic books.
|2 local
|
| 710 |
2 |
|
|a SpringerLink (Online service)
|
| 776 |
1 |
8 |
|i Print version:
|z 9783540762164
|
| 856 |
4 |
0 |
|u http://proxy.library.tamu.edu/login?url=https://link.springer.com/10.1007/978-1-4471-1029-3
|z Connect to the full text of this electronic book
|t 0
|
| 994 |
|
|
|a 92
|b TXA
|
| 999 |
|
|
|a MARS
|
| 999 |
f |
f |
|s 298fb587-257b-325e-8f00-78c0faad0be5
|i c0a457bc-886c-3f1b-9e5b-16d35a093a39
|t 0
|
| 952 |
f |
f |
|a Texas A&M University
|b College Station
|c Electronic Resources
|s www_evans
|d Available Online
|t 0
|e RC875-899.5
|h Library of Congress classification
|
| 998 |
f |
f |
|a RC875-899.5
|t 0
|l Available Online
|